000 00672nam a2200241Ia 4500
003 OSt
005 20220924135322.0
006 a|||||r|||| 00| 0
007 ta
008 220923b |||||||| |||| 00| 0 ben d
024 _a290503
037 _cTextual
040 _aARTS
_cARTS
_bben
041 _2ben
_aben
082 _aO123,1M99x, 157L9
100 _aChattopadhyay Shakti Tr.
_9210062
245 0 _aLorca kabita
260 _c1979
650 _aSPANISH LITERATURE
_937272
700 _a Dasgupta Amitava Tr.
_9210063
942 _hO123,1M99x, 157L9
_cTEXL
_2CC
999 _c440260
_d440260